[Event "Benidorm Ciegos-ch 15th"]
[Site "Benidorm"]
[Date "2015.06.11"]
[Round "5"]
[White "Gonzalez Quijano, Leopoldo"]
[Black "Bernabe Monteagudo, Francesc"]
[Result "1-0"]
[WhiteElo "1521"]
[BlackElo "1759"]
[PlyCount "42"]
[EventDate "2015.06.07"]
[EventType "swiss"]
[EventRounds "7"]
[EventCountry "ESP"]
[SourceTitle "CBM 167 Extra"]
[Source "ChessBase"]
[SourceDate "2015.09.14"]
[SourceVersion "1"]
[SourceVersionDate "2015.09.14"]
[SourceQuality "1"]

1. c4 Nf6 2. Nc3 g6 3. Nf3 Bg7 4. g3 d6 5. Bg2 0-0 6. 0-0 e5 7. d3 c6 8. Bg5 h6 9. Bd2 Re8 10. Ne1 Bg4 11. h3 Be6 12. Kh2 d5 13. cxd5 Nxd5 14. Nxd5 Bxd5 15. e4 Be6 16. Bc3 Qb6 17. Nf3 f6 18. Qd2 a5 19. a3 Nd7 20. d4 Bc4 21. Rfc1 Qa6 1-0

[Event "Benidorm Ciegos-ch 15th"]
[Site "Benidorm"]
[Date "2015.06.08"]
[Round "2"]
[White "Bernabe Monteagudo, Francesc"]
[Black "Vela Ignacio, Jose Manuel"]
[Result "0-1"]
[WhiteElo "1759"]
[BlackElo "1945"]
[PlyCount "94"]
[EventDate "2015.06.07"]
[EventType "swiss"]
[EventRounds "7"]
[EventCountry "ESP"]
[SourceTitle "CBM 167 Extra"]
[Source "ChessBase"]
[SourceDate "2015.09.14"]
[SourceVersion "1"]
[SourceVersionDate "2015.09.14"]
[SourceQuality "1"]

1. e4 e6 2. d4 d5 3. e5 c5 4. c3 Nc6 5. Nf3 Qb6 6. Be2 f6 7. exf6 Nxf6 8. 0-0 Bd6 9. dxc5 Bxc5 10. b4 Bd6 11. a4 0-0 12. b5 Ne5 13. Ba3 Ne4 14. Bxd6 Qxd6 15. Nxe5 Qxe5 16. Qd4 Qxd4 17. cxd4 Bd7 18. f3 Nd6 19. Nd2 Rac8 20. Rfc1 Kf7 21. g4 g5 22. Kf2 Kf6 23. Bd3 h6 24. Nb3 b6 25. Rxc8 Rxc8 26. Rc1 Rxc1 27. Nxc1 e5 28. dxe5+ Kxe5 29. Ne2 Nc4 30. Kg3 Nb2 31. Bc2 d4 32. f4+ Kd5 33. f5 d3 34. Bb3+ Ke5 35. Ng1 Kd4 36. Nf3+ Kc3 37. f6 Be8 38. f7 Bxf7 39. Bxf7 d2 40. Nxd2 Kxd2 41. h4 Nxa4 42. hxg5 hxg5 43. Kf3 Kd3 44. Be8 Nc3 45. Bc6 Kd4 46. Be8 Kc5 47. Ke3 Nxb5 0-1

[Event "Benidorm FEDC op 12th"]
[Site "Benidorm"]
[Date "2012.06.17"]
[Round "1"]
[White "Casla Murillo, Jorge"]
[Black "Bernabe Monteagudo, Francesc"]
[Result "0-1"]
[WhiteElo "1627"]
[BlackElo "1798"]
[PlyCount "20"]
[EventDate "2012.06.17"]
[EventType "swiss"]
[EventRounds "7"]
[EventCountry "ESP"]
[SourceTitle "EXT 2024"]
[Source "ChessBase"]
[SourceDate "2023.10.10"]
[SourceVersion "1"]
[SourceVersionDate "2023.10.10"]
[SourceQuality "1"]

1. c4 Nf6 2. Nc3 g6 3. g3 Bg7 4. Bg2 c6 5. e4 d6 6. Nge2 Bg4 7. 0-0 Na6 8. a3 0-0 9. d4 Qc8 10. Nf4 Bxd1 0-1